000 00403nam a22001457a 4500
005 20200710145800.0
008 200710b xxu||||| |||| 00| 0 eng d
082 _a348.96 JHA-S
100 _aJHA, SHRI RAM CHANDRA
_96286
245 _aSELECTED JUDGEMENTS ON PROFESSIONAL ETHICS [Vol-1]
260 _aNEW DELHI
_bBAR COUNCIL OF INDIA TRUST
_c2019
300 _a617p.
650 _aLAW
_95701
942 _cJRL
999 _c7425
_d7423